[Event "45th Olympiad Budapest 2024"]
[Site "Budapest"]
[Date "2024.09.12"]
[Round "2"]
[Board "3"]
[White "Nosimilo, Mkhonto"]
[Black "Kinoshita, Kanako"]
[Result "1/2-1/2"]
[WhiteElo "1561"]
[BlackElo "1822"]
[PlyCount "122"]
[EventDate "2024.09.11"]
[EventType "team-tourn"]
[EventRounds "11"]
[EventCountry "HUN"]
[WhiteTeam "Eswatini"]
[BlackTeam "Japan"]
[BlackTeamCountry "JPN"]

1. e4 {[%emt 0:00:08]} d6 {[%emt 0:00:06]} 2. Nf3 {[%emt 0:00:23]} e5 {[%emt 0:00:32]} 3. Bc4 {[%emt 0:00:23]} Nf6 {[%emt 0:01:57]} 4. d3 {[%emt 0:00:45]} h6 {[%emt 0:01:06]} 5. c3 {[%emt 0:00:53]} ({RR} 5. h3 Be7 6. Nc3 O-O 7. Be3 c6 8. O-O d5 9. exd5 cxd5 10. Nxe5 Bb4 11. Bb3 Bxc3 12. bxc3 Bf5 13. Qf3 Be6 14. Qg3 Nh5 15. Qf3 Nf6 16. Qe2 Nc6 17. f4 b5 18. Nxc6 Qc8 19. Ne7+ Kh8 {1-0 Dunat,K (1398)-Wag Eyen,R Olympiad Women-44 2022 (7.4)}) 5... c6 {[%emt 0:03:44]} ({RR} 5... Be7 6. O-O Nbd7 7. Nbd2 c6 8. Re1 g5 9. Nf1 Nf8 10. d4 Qc7 11. Ng3 Ng6 12. dxe5 dxe5 13. Nf5 Bf8 14. Qc2 Bd7 15. a4 Rh7 16. b4 O-O-O 17. Be3 Kb8 18. a5 Qc8 {½-½ Sikora Gizynska,B (2250)-Misanovic,V (2330) Olympiad Women-29 1990 (7)}) 6. Bb3 {[%emt 0:02:23]} Nbd7 $146 {[%emt 0:00:27]} ({RR} 6... Bg4 7. h3 Bxf3 8. Qxf3 Nbd7 9. Nd2 Nc5 10. Bc2 Ne6 11. Nf1 Nc5 12. Ng3 Ne6 13. Nf5 g6 14. Ng3 Bg7 15. Be3 Nd7 16. O-O Qf6 17. Qxf6 Nxf6 18. Rad1 O-O 19. d4 Rfd8 20. Ne2 Kh7 21. f4 {1-0 Pinero,I (1928)-Fleitas,P URU-ch sf Colonia del Sacramento 2015 (1)}) ({RR} 6... Be7 7. O-O Bg4 8. Nbd2 O-O 9. h3 Bh5 10. Re1 Nbd7 11. Nf1 Nc5 12. Ng3 Nxb3 13. axb3 Kh7 14. Qe2 Rg8 15. Qe3 Bxf3 16. gxf3 Qb6 17. Qd2 Nd7 18. b4 Bg5 19. Qe2 Bxc1 20. Raxc1 a5 21. bxa5 {0-1 Suarez,P (1500)-Maldonado,S (1500) Frontera online op 2nd 2020 (5)}) 7. Nbd2 {[%emt 0:02:03]} Be7 {[%emt 0:00:43]} 8. O-O {[%emt 0:00:40]} g5 {[%emt 0:01:34]} 9. d4 {[%emt 0:05:45]} Qc7 {[%emt 0:01:10]} 10. Re1 {[%emt 0:07:48]} Nf8 {[%emt 0:05:47]} 11. dxe5 {[%emt 0:11:11]} dxe5 {[%emt 0:00:18]} 12. Nf1 {[%emt 0:04:24]} Be6 {[%emt 0:00:47]} 13. Ng3 {[%emt 0:03:03]} Ng6 {[%emt 0:09:27]} 14. Nf5 {[%emt 0:06:41]} Rd8 {[%emt 0:17:41]} 15. Qc2 {[%emt 0:09:01]} Nh5 {[%emt 0:12:45]} 16. g4 {[%emt 0:04:11]} Nhf4 {[%emt 0:01:00]} 17. Bxf4 {[%emt 0:08:34]} Nxf4 {[%emt 0:00:27]} 18. Ng7+ {[%emt 0:03:47]} Kf8 {[%emt 0:01:33]} 19. Nxe6+ {[%emt 0:00:49]} fxe6 {[%emt 0:00:45]} 20. Rad1 {[%emt 0:08:27]} Kf7 {[%emt 0:04:14]} 21. Rxd8 {[%emt 0:07:43]} Rxd8 {[%emt 0:00:17]} 22. Kf1 {[%emt 0:06:42]} Rd3 {[%emt 0:10:30]} 23. Re3 {[%emt 0:01:40]} Rd8 {[%emt 0:00:45]} 24. Re1 {[%emt 0:01:03]} Kf6 {[%emt 0:03:17]} 25. Nd2 {[%emt 0:01:24]} Bc5 {[%emt 0:01:19]} 26. Nc4 {[%emt 0:00:17]} b5 {[%emt 0:01:45]} 27. Ne3 {[%emt 0:00:11]} a5 {[%emt 0:05:07]} 28. a4 {[%emt 0:01:09]} Qb6 {[%emt 0:02:36]} 29. axb5 {[%emt 0:01:04]} cxb5 {[%emt 0:00:01]} 30. Ba2 {[%emt 0:00:30]} Qb7 {[%emt 0:02:11]} 31. Rd1 {[%emt 0:01:53]} Qb6 {[%emt 0:02:48]} 32. Rxd8 {[%emt 0:00:11]} Qxd8 {[%emt 0:00:01]} 33. Qd1 {[%emt 0:00:45]} Qxd1+ {[%emt 0:02:51]} 34. Nxd1 {[%emt 0:00:07]} Ke7 {[%emt 0:02:35]} 35. Bb1 {[%emt 0:00:46]} Kd6 {[%emt 0:00:35]} 36. b3 {[%emt 0:00:22]} Kc6 {[%emt 0:01:57]} 37. Nb2 {[%emt 0:00:32]} Bd6 {[%emt 0:02:54]} 38. Nd3 {[%emt 0:00:42]} Ng6 {[%emt 0:00:18]} 39. Ba2 {[%emt 0:00:35]} Be7 {[%emt 0:01:04]} 40. b4 {[%emt 0:00:18]} axb4 {[%emt 0:00:57]} 41. cxb4 {[%emt 0:00:45]} Kd7 {[%emt 0:04:54]} 42. Ke2 {[%emt 0:20:56]} Nf4+ {[%emt 0:09:37]} 43. Nxf4 {[%emt 0:00:49]} exf4 {[%emt 0:00:05]} 44. f3 {[%emt 0:00:29]} Bxb4 {[%emt 0:03:03]} 45. h3 {[%emt 0:00:10]} Kd6 {[%emt 0:02:43]} 46. Kd3 e5 {[%emt 0:04:35]} 47. Bb3 Kc5 {[%emt 0:03:02]} 48. Bc2 Ba5 {[%emt 0:04:48]} 49. Bb3 Kb4 {[%emt 0:01:19]} 50. Kc2 Bb6 {[%emt 0:01:14]} 51. Bd5 Bd4 52. Bb3 Bf2 53. Bd5 Kc5 54. Kd3 Kb4 {[%emt 0:02:54]} 55. Kc2 Ka3 56. Bb3 Kb4 57. Bd5 Be1 58. Bb3 Kc5 59. Kd3 b4 60. Bd5 Kb5 {[%emt 0:13:33]} 61. Bb3 Kc5 {[%emt 0:02:38]} 1/2-1/2

[Event "45th Olympiad Budapest 2024"]
[Site "Budapest"]
[Date "2024.09.12"]
[Round "2"]
[Board "3"]
[White "Tchouateu, Tankeu Stephanie"]
[Black "Mekarapiruk, Nathasha"]
[Result "0-1"]
[WhiteElo "1565"]
[BlackElo "1728"]
[PlyCount "110"]
[EventDate "2024.09.11"]
[EventType "team-tourn"]
[EventRounds "11"]
[EventCountry "HUN"]
[WhiteTeam "Cameroon"]
[BlackTeam "Thailand"]
[WhiteTeamCountry "CAM"]
[BlackTeamCountry "THA"]

1. d4 {[%emt 0:00:05]} d5 {[%emt 0:00:17]} 2. c4 {[%emt 0:00:08]} e6 {[%emt 0:00:10]} 3. Nf3 {[%emt 0:00:11]} Nf6 {[%emt 0:00:09]} 4. Nc3 {[%emt 0:00:08]} Be7 {[%emt 0:01:42]} 5. cxd5 {[%emt 0:02:06]} exd5 {[%emt 0:00:22]} 6. e3 {[%emt 0:00:12]} c6 {[%emt 0:01:14]} 7. Be2 {[%emt 0:00:28]} Bf5 {[%emt 0:01:48]} ({RR} 7... O-O 8. O-O Nbd7 9. h3 {½-½ Farago,S (2390)-Krizsany,L (2385) Budapest FS02 IM-B 1994 (9)}) ({RR} 7... O-O 8. O-O h6 9. Qc2 Nbd7 10. b3 Re8 11. Bd3 Bd6 12. Re1 Nf8 13. Bb2 Bg4 14. Be2 Qd7 15. h3 Bf5 16. Qd2 Bb4 17. a3 Ne4 18. Qc1 Bd6 19. Nxe4 dxe4 20. Nd2 Bxh3 21. gxh3 Qxh3 22. f4 {0-1 Su,E (1759)-Le,H (1833) PNWCC Online blitz JP 12th 2020 (11)}) 8. Qb3 $146 {[%emt 0:06:15]} ({RR} 8. O-O Nbd7 9. b3 h6 10. Bb2 O-O 11. Nh4 Bh7 12. Bd3 Ne4 13. Nf3 Bd6 14. Qc2 f5 15. Rfd1 Qe7 16. Qb1 Rae8 17. Bc2 g5 18. Nxe4 fxe4 19. Nd2 Qf7 20. Rf1 Qh5 21. g3 Nf6 22. Bd1 Qh3 {0-1 Hyl,M (1520)-Labedz,P (2127) Karvina op 2012 (1)}) ({RR} 8. O-O Nbd7 9. Re1 h6 10. Nd2 O-O 11. f3 Bg6 12. e4 dxe4 13. Ndxe4 Nb6 14. Be3 Re8 15. Qd2 Bb4 16. a3 Nxe4 17. fxe4 Bxc3 18. bxc3 Bxe4 19. Bd3 Qd5 20. Re2 Bxd3 21. Qxd3 Qe4 22. Qxe4 Rxe4 {0-1 Puetz,O-Ahling,M Recklinghausen op 1999 (8)}) ({RR} 8. O-O Nbd7 9. a3 O-O 10. Bd2 Re8 11. Rc1 Bd6 12. b4 Nb6 13. Qb3 a6 14. a4 Nc4 15. b5 axb5 16. axb5 Ra3 17. Qd1 Nxd2 18. Nxd2 Bd7 19. bxc6 Bxc6 20. Bf3 Bb4 21. Ndb1 Ra7 22. Qb3 Bd6 {½-½ Calangi,Z-Bukhalaf,E Olympiad-31 Moscow 1994 (7.3)}) 8... Qb6 {[%emt 0:03:28]} 9. Qxb6 {[%emt 0:03:29]} axb6 {[%emt 0:00:04]} 10. a3 {[%emt 0:00:45]} b5 {[%emt 0:02:58]} 11. Na2 {[%emt 0:06:46]} b4 {[%emt 0:06:11]} 12. axb4 {[%emt 0:02:26]} Bxb4+ {[%emt 0:01:37]} 13. Bd2 {[%emt 0:00:07]} Bd6 {[%emt 0:02:52]} 14. O-O {[%emt 0:00:20]} Nbd7 {[%emt 0:05:38]} 15. Bb4 {[%emt 0:16:39]} Ke7 {[%emt 0:04:55]} 16. Bxd6+ {[%emt 0:02:03]} Kxd6 {[%emt 0:00:08]} 17. Rfc1 {[%emt 0:00:21]} h6 {[%emt 0:06:35]} 18. Ne1 {[%emt 0:03:56]} Ra7 {[%emt 0:01:57]} 19. Bd3 {[%emt 0:00:19]} Bxd3 {[%emt 0:04:25]} 20. Nxd3 {[%emt 0:00:07]} Rha8 {[%emt 0:00:33]} 21. Ndb4 {[%emt 0:08:02]} Nb8 {[%emt 0:19:01]} 22. Rc3 {[%emt 0:09:47]} b6 {[%emt 0:03:52]} 23. Ra3 {[%emt 0:14:02]} Rxa3 {[%emt 0:00:36]} 24. bxa3 {[%emt 0:00:05]} Ra6 {[%emt 0:00:13]} 25. a4 Rxa4 26. Nc2 {[%emt 0:01:08]} Ra3 {[%emt 0:06:21]} 27. Nab4 Rxa1+ 28. Nxa1 {[%emt 0:00:07]} c5 {[%emt 0:00:40]} 29. dxc5+ {[%emt 0:03:53]} Kxc5 {[%emt 0:03:31]} 30. Nac2 {[%emt 0:03:17]} Nc6 {[%emt 0:01:16]} 31. Nxc6 {[%emt 0:09:21]} Kxc6 {[%emt 0:00:05]} 32. Kf1 {[%emt 0:00:07]} Kc5 {[%emt 0:01:35]} 33. Ke2 {[%emt 0:03:07]} Kc4 {[%emt 0:01:06]} 34. f3 {[%emt 0:01:16]} b5 {[%emt 0:00:54]} 35. Kd1 {[%emt 0:00:46]} b4 {[%emt 0:03:03]} 36. Kc1 {[%emt 0:00:08]} b3 {[%emt 0:02:04]} 37. Nd4 {[%emt 0:00:18]} Kd3 {[%emt 0:02:53]} 38. Nxb3 {[%emt 0:01:00]} Kxe3 {[%emt 0:00:14]} 39. Nd2 {[%emt 0:00:38]} Kf2 {[%emt 0:01:13]} 40. g4 {[%emt 0:01:15]} Nd7 {[%emt 0:00:41]} 41. Kc2 {[%emt 0:00:32]} Ne5 {[%emt 0:00:28]} 42. Kc3 {[%emt 0:01:08]} Nxf3 {[%emt 0:01:16]} 43. Nxf3 {[%emt 0:00:11]} Kxf3 {[%emt 0:00:05]} 44. Kd4 {[%emt 0:00:04]} Kxg4 {[%emt 0:00:05]} 45. Kxd5 {[%emt 0:00:04]} Kh3 {[%emt 0:00:10]} 46. Kd6 {[%emt 0:00:11]} Kxh2 {[%emt 0:00:07]} 47. Ke7 {[%emt 0:00:06]} f5 {[%emt 0:00:05]} 48. Kf7 {[%emt 0:00:12]} f4 {[%emt 0:00:30]} 49. Kxg7 {[%emt 0:00:04]} f3 {[%emt 0:00:07]} 50. Kxh6 {[%emt 0:00:05]} f2 {[%emt 0:00:05]} 51. Kg5 {[%emt 0:00:18]} f1=R {[%emt 0:00:44]} 52. Kg4 {[%emt 0:02:09]} Kg2 {[%emt 0:00:07]} 53. Kg5 {[%emt 0:00:59]} Kg3 {[%emt 0:00:05]} 54. Kh5 {[%emt 0:00:45]} Kf4 {[%emt 0:00:06]} 55. Kh4 {[%emt 0:01:24]} Rh1# {[%emt 0:00:06]} 0-1

[Event "45th Olympiad Budapest 2024"]
[Site "Budapest"]
[Date "2024.09.13"]
[Round "3"]
[Board "1"]
[White "Kosteniuk, Alexandra"]
[Black "Dronavalli, Harika"]
[Result "1-0"]
[WhiteElo "2483"]
[BlackElo "2502"]
[PlyCount "91"]
[EventDate "2024.09.11"]
[EventType "team-tourn"]
[EventRounds "11"]
[EventCountry "HUN"]
[WhiteTeam "Switzerland"]
[BlackTeam "India"]
[WhiteTeamCountry "SUI"]
[BlackTeamCountry "IND"]

1. e4 {[%emt 0:00:05]} e5 {[%emt 0:00:18]} 2. Nf3 {[%emt 0:00:07]} Nc6 {[%emt 0:00:11]} 3. Bc4 {[%emt 0:00:13]} Bc5 {[%emt 0:00:35]} 4. c3 {[%emt 0:00:17]} Nf6 {[%emt 0:00:26]} 5. d3 {[%emt 0:00:17]} d6 {[%emt 0:02:14]} 6. Nbd2 {[%emt 0:00:25]} O-O {[%emt 0:05:57]} 7. h3 {[%emt 0:00:44]} a5 {[%emt 0:05:46]} 8. O-O {[%emt 0:00:16]} h6 {[%emt 0:01:01]} 9. Re1 {[%emt 0:00:39]} Be6 {[%emt 0:04:17]} 10. Bb5 {[%emt 0:00:26]} Qb8 {[%emt 0:02:43]} 11. Nf1 {[%emt 0:00:18]} Qa7 {[%emt 0:02:38]} 12. Re2 $146 {[%emt 0:00:22]} ({RR} 12. Be3 Bxe3 13. Nxe3 Ne7 14. a4 Ng6 15. Qc2 c6 16. Bc4 d5 17. exd5 cxd5 18. Bb5 Qb8 19. Qe2 Nh5 20. g3 Bxh3 21. Nxd5 Qd6 22. c4 Bg4 23. Qe3 Bxf3 24. Qxf3 Nf6 25. Nxf6+ Qxf6 26. Qxf6 gxf6 {½-½ Friedland,M (2286)-Erenberg,A (2393) Jerusalem Japhet Memorial op 4th 2018 (7)}) ({RR} 12. d4 exd4 13. Bxc6 bxc6 14. cxd4 Bb6 15. Ng3 Rfe8 16. a4 Rab8 17. Ra3 Qa6 18. Bxh6 gxh6 19. Qd2 Kg7 20. Nh4 Rg8 21. d5 cxd5 22. exd5 Bxd5 23. Qc3 Bxf2+ 24. Kxf2 Qb6+ 25. Kf1 Kh7 26. Qxf6 Bc4+ {0-1 Gagare,S (2481)-Li,D (2562) Seville op 45th 2020 (8)}) 12... a4 {[%emt 0:02:25]} 13. Rc2 {[%emt 0:00:57]} Qa5 {[%emt 0:06:32]} 14. Bxc6 {[%emt 0:00:08]} bxc6 {[%emt 0:00:04]} 15. Bd2 {[%emt 0:01:05]} Qa6 {[%emt 0:05:52]} 16. c4 {[%emt 0:12:14]} Qc8 {[%emt 0:06:21]} 17. Be3 {[%emt 0:07:29]} Bxe3 {[%emt 0:05:34]} 18. fxe3 {[%emt 0:00:33]} c5 {[%emt 0:08:22]} 19. Ng3 {[%emt 0:01:51]} Nh7 {[%emt 0:04:32]} 20. Kh2 {[%emt 0:12:13]} Qd8 {[%emt 0:06:40]} 21. Rf2 {[%emt 0:06:02]} g6 {[%emt 0:01:42]} 22. Ne2 {[%emt 0:02:56]} c6 {[%emt 0:11:12]} 23. Nc3 {[%emt 0:00:43]} Qa5 {[%emt 0:01:41]} 24. Rc1 {[%emt 0:02:24]} Ra7 {[%emt 0:00:59]} 25. Kh1 {[%emt 0:15:06]} Rb8 {[%emt 0:01:41]} 26. d4 {[%emt 0:03:36]} exd4 {[%emt 0:01:49]} 27. exd4 {[%emt 0:00:02]} Bxc4 {[%emt 0:03:09]} 28. dxc5 {[%emt 0:02:03]} Qxc5 {[%emt 0:00:25]} 29. Rd2 {[%emt 0:01:28]} Ng5 {[%emt 0:01:20]} 30. Nd4 {[%emt 0:07:50]} Qb6 {[%emt 0:03:52]} 31. Nxa4 {[%emt 0:01:42]} Qa6 {[%emt 0:01:08]} 32. b3 {[%emt 0:02:40]} c5 {[%emt 0:03:46]} 33. Rxc4 {[%emt 0:01:52]} cxd4 {[%emt 0:00:04]} 34. Rdxd4 {[%emt 0:02:38]} Qb7 {[%emt 0:00:35]} 35. Nc3 {[%emt 0:06:01]} Rc8 {[%emt 0:00:09]} 36. a4 {[%emt 0:02:52]} Raa8 {[%emt 0:01:34]} 37. Nd5 {[%emt 0:02:11]} Rc5 {[%emt 0:00:03]} 38. Nf6+ {[%emt 0:04:54]} Kg7 {[%emt 0:00:18]} 39. Ng4 {[%emt 0:00:14]} h5 {[%emt 0:01:14]} 40. Rxc5 {[%emt 0:00:17]} dxc5 {[%emt 0:00:05]} 41. Rd7 {[%emt 0:00:07]} Qc6 {[%emt 0:07:23]} 42. Qa1+ {[%emt 0:01:29]} Kh7 {[%emt 0:00:19]} 43. Nf6+ {[%emt 0:00:14]} Kh6 {[%emt 0:00:42]} 44. h4 {[%emt 0:01:00]} Nxe4 {[%emt 0:00:24]} 45. Rxf7 {[%emt 0:00:28]} Nxf6 {[%emt 0:00:17]} 46. Qc1+ {[%emt 0:00:05]} 1-0

[Event "45th Olympiad Budapest 2024"]
[Site "Budapest"]
[Date "2024.09.13"]
[Round "3"]
[Board "4"]
[White "Vantika, Agrawal"]
[Black "Manko, Mariia"]
[Result "1-0"]
[WhiteElo "2370"]
[BlackElo "2159"]
[PlyCount "95"]
[EventDate "2024.09.11"]
[EventType "team-tourn"]
[EventRounds "11"]
[EventCountry "HUN"]
[WhiteTeam "India"]
[BlackTeam "Switzerland"]
[WhiteTeamCountry "IND"]
[BlackTeamCountry "SUI"]

1. d4 {[%emt 0:00:12]} d5 {[%emt 0:00:22]} 2. c4 {[%emt 0:00:27]} e6 {[%emt 0:00:06]} 3. Nf3 {[%emt 0:00:09]} Nf6 {[%emt 0:00:38]} 4. g3 {[%emt 0:00:06]} dxc4 {[%emt 0:01:42]} 5. Bg2 {[%emt 0:00:09]} c5 {[%emt 0:00:14]} 6. O-O {[%emt 0:00:36]} Nc6 {[%emt 0:00:07]} 7. Ne5 {[%emt 0:00:41]} Bd7 {[%emt 0:00:07]} 8. Nxc4 {[%emt 0:00:29]} cxd4 {[%emt 0:02:54]} 9. Bf4 {[%emt 0:01:15]} Nd5 {[%emt 0:00:41]} 10. Nd6+ {[%emt 0:01:14]} Bxd6 {[%emt 0:00:06]} 11. Bxd6 {[%emt 0:00:05]} Nde7 {[%emt 0:00:08]} 12. Nd2 {[%emt 0:02:20]} O-O {[%emt 0:03:26]} 13. Qb3 {[%emt 0:01:52]} b6 {[%emt 0:06:16]} ({RR} 13... Bc8 14. Nc4 Qd7 15. Bxc6 bxc6 16. Qa3 Re8 17. Ne5 Qb7 18. Rac1 f6 19. Bxe7 Qxe7 20. Qxe7 Rxe7 21. Nxc6 Rd7 22. Rfd1 e5 23. f4 Bb7 24. fxe5 Bxc6 25. Rxc6 fxe5 26. Re6 Rb8 27. b3 Rb5 28. Rf1 {½-½ Smirnov,P (2530)-Khokhlova,D (2127) ch-Moscow Open Superfinal 2024 (1.8)}) 14. Rac1 {[%emt 0:06:14]} ({RR} 14. Nc4 Rc8 15. Qa3 b5 16. Nd2 b4 17. Qa6 e5 18. Rac1 Be6 19. Bxe7 Nxe7 20. Qxa7 Nd5 21. Rc5 Qb6 22. Qxb6 Nxb6 23. Rb5 Rc2 24. Nf3 Nd7 25. Rxb4 Bxa2 26. Re1 Be6 27. h3 f6 28. e3 d3 {½-½ Caruana,F (2828)-So,W (2762) USA-ch 63rd Saint Louis 2019 (8)}) 14... Rc8 {[%emt 0:02:46]} 15. Ba3 $146 {[%emt 0:15:07]} ({RR} 15. Qa3 Re8 16. Rc2 Nf5 17. Rfc1 Nxd6 18. Qxd6 Qe7 19. Ne4 f5 20. Qxe7 Nxe7 21. Nd6 Rxc2 22. Rxc2 Rd8 23. Rc7 Ba4 24. Rxa7 Rxd6 25. Rxa4 e5 26. Bb7 e4 27. Kf1 b5 28. Ra6 Rxa6 29. Bxa6 b4 {½-½ Khalifman,A (2505)-Van der Sterren,P (2470) Dordrecht 1988}) ({RR} 15. Nc4 Re8 16. Bf4 Nf5 17. g4 Nh4 18. Nd6 Nxg2 19. Kxg2 Na5 20. Qd3 Rxc1 21. Rxc1 Re7 22. b4 e5 23. bxa5 exf4 24. Qxd4 Bxg4 25. Qxf4 h5 26. a6 f6 27. e4 Re5 28. Qd2 Kh7 29. f3 Be6 {0-1 Pajkovic,V (2423)-Kosic,D (2512) MNT-chT Cetinje 2010 (1)}) ({RR} 15. Nc4 Re8 16. Ba3 Nf5 17. g4 b5 18. Nd6 Nxd6 19. Bxd6 Na5 20. Qg3 Nc4 21. b3 Nxd6 22. Qxd6 e5 23. h3 h5 24. gxh5 Rxc1 25. Rxc1 Qg5 26. Rc7 Bxh3 27. Qc6 Rf8 28. Rxa7 Bxg2 29. Qxg2 Qxh5 {0-1 Gelfand,B (2668)-Anand,V (2756) Leon 35th rapid 2022 (2.1)}) 15... Re8 {[%emt 0:17:06]} 16. Ne4 {[%emt 0:16:11]} Nf5 {[%emt 0:08:47]} 17. g4 {[%emt 0:11:52]} Nh4 {[%emt 0:14:17]} 18. Nd6 {[%emt 0:05:45]} Nxg2 {[%emt 0:02:35]} 19. Kxg2 {[%emt 0:02:11]} Na5 {[%emt 0:10:51]} 20. Qf3 {[%emt 0:19:26]} Bc6 {[%emt 0:07:07]} 21. Rxc6 {[%emt 0:00:29]} Nxc6 {[%emt 0:00:09]} 22. Qxf7+ {[%emt 0:00:18]} Kh8 {[%emt 0:00:04]} 23. Qxe8+ {[%emt 0:05:49]} Qxe8 {[%emt 0:00:05]} 24. Nxe8 {[%emt 0:00:03]} Rxe8 {[%emt 0:00:04]} 25. Rc1 {[%emt 0:00:05]} Ne5 {[%emt 0:02:29]} 26. Kg3 {[%emt 0:00:34]} Kg8 {[%emt 0:04:53]} 27. Rc7 {[%emt 0:02:07]} a5 {[%emt 0:01:56]} 28. Kf4 {[%emt 0:01:12]} Nf7 {[%emt 0:01:06]} 29. Ke4 {[%emt 0:00:35]} e5 {[%emt 0:00:56]} 30. h4 {[%emt 0:01:39]} Nh8 {[%emt 0:06:40]} 31. h5 {[%emt 0:02:00]} Nf7 {[%emt 0:00:40]} 32. Be7 {[%emt 0:01:08]} h6 {[%emt 0:01:26]} 33. f3 {[%emt 0:01:28]} Kh7 {[%emt 0:01:31]} 34. Kd5 {[%emt 0:00:46]} Kg8 {[%emt 0:00:50]} 35. a4 {[%emt 0:01:07]} Rb8 {[%emt 0:00:37]} 36. Ke6 {[%emt 0:01:47]} Ra8 {[%emt 0:00:59]} 37. Rb7 {[%emt 0:00:48]} Re8 {[%emt 0:02:24]} 38. Kd7 {[%emt 0:00:42]} Ra8 {[%emt 0:00:06]} 39. Ke6 {[%emt 0:00:19]} Re8 {[%emt 0:00:13]} 40. Rxb6 {[%emt 0:00:24]} Rc8 {[%emt 0:02:28]} 41. Ra6 {[%emt 0:07:56]} Ng5+ {[%emt 0:02:56]} 42. Bxg5 {[%emt 0:01:41]} hxg5 {[%emt 0:00:08]} 43. Kxe5 {[%emt 0:00:44]} Re8+ {[%emt 0:00:50]} 44. Kxd4 {[%emt 0:00:56]} Rxe2 {[%emt 0:00:58]} 45. Rxa5 {[%emt 0:00:15]} Rxb2 {[%emt 0:00:06]} 46. Rxg5 {[%emt 0:00:04]} Rb4+ {[%emt 0:00:05]} 47. Ke3 {[%emt 0:00:06]} Rxa4 {[%emt 0:00:04]} 48. h6 {[%emt 0:00:07]} 1-0

[Event "45th Olympiad Budapest 2024"]
[Site "Budapest"]
[Date "2024.09.13"]
[Round "3"]
[Board "1"]
[White "Gaal, Zsoka"]
[Black "Khamdamova, Afruza"]
[Result "0-1"]
[WhiteElo "2385"]
[BlackElo "2313"]
[PlyCount "80"]
[EventDate "2024.09.11"]
[EventType "team-tourn"]
[EventRounds "11"]
[EventCountry "HUN"]
[WhiteTeam "Hungary"]
[BlackTeam "Uzbekistan"]
[WhiteTeamCountry "HUN"]
[BlackTeamCountry "UZB"]

1. d4 {[%emt 0:00:04]} Nf6 {[%emt 0:00:12]} 2. c4 {[%emt 0:00:13]} e6 {[%emt 0:00:12]} 3. Nc3 {[%emt 0:00:15]} d5 {[%emt 0:00:19]} 4. cxd5 {[%emt 0:00:11]} exd5 {[%emt 0:00:06]} 5. Bg5 {[%emt 0:00:11]} c6 {[%emt 0:00:30]} 6. e3 {[%emt 0:00:13]} h6 {[%emt 0:00:19]} 7. Bh4 {[%emt 0:00:33]} Be7 {[%emt 0:00:14]} 8. Bd3 {[%emt 0:00:27]} O-O {[%emt 0:00:21]} 9. Qc2 {[%emt 0:00:26]} Re8 {[%emt 0:00:14]} 10. Nf3 {[%emt 0:00:23]} Ne4 {[%emt 0:01:17]} 11. Bxe7 {[%emt 0:01:37]} Qxe7 {[%emt 0:00:21]} 12. O-O {[%emt 0:00:21]} Nd7 {[%emt 0:00:22]} 13. Rae1 {[%emt 0:00:38]} Ndf6 {[%emt 0:01:41]} 14. Ne5 {[%emt 0:00:39]} Bf5 {[%emt 0:04:41]} ({RR} 14... Nd7 15. Nxd7 Bxd7 16. f3 Nxc3 17. bxc3 c5 18. Qb2 b5 19. Kh1 Rab8 {½-½ Zheng,T (1904)-Baneshi,K (1832) Gold Coast Open 2024 (5.8)}) 15. f3 {[%emt 0:02:00]} Nxc3 {[%emt 0:05:56]} 16. Bxf5 {[%emt 0:00:29]} ({RR} 16. bxc3 Bxd3 17. Nxd3 Qd6 18. Re2 Re7 19. Rfe1 Rae8 20. c4 b6 21. c5 Qc7 22. a4 Re6 23. Qc3 g5 24. Nb4 Rc8 25. Rc1 Qe7 26. Qd2 Nd7 27. cxb6 Nxb6 28. e4 dxe4 29. a5 e3 30. Qe1 Qd7 {1-0 Caruana,F (2764)-So,W (2760) 11th Norway Armageddon 2023 (8.5)}) 16... Nxa2 $146 {[%emt 0:21:54]} ({RR} 16... Nb5 17. Bd3 Nc7 18. Qb3 Ne6 19. Bb1 g6 20. f4 Kg7 21. f5 Nf8 22. fxg6 Nxg6 23. Bxg6 fxg6 24. Qd3 Ne4 25. Rf7+ Qxf7 26. Nxf7 Kxf7 27. Rf1+ Kg7 28. Qa3 Nd2 29. Rf4 Ne4 30. Qb4 b6 31. h4 {1-0 Wenning,A (2033)-Burke,A (1724) Lingen op 4th 2012 (5)}) ({RR} 16... Nb5 17. Bd3 Nd6 18. Qf2 c5 19. dxc5 Qxe5 20. cxd6 Qxd6 21. Re2 Rac8 22. Rfe1 Rc7 23. g3 Rce7 24. Kg2 a6 25. a3 Nd7 26. Rd2 Ne5 27. Red1 Qf6 28. Bf1 Nc6 29. Rxd5 Rxe3 30. Rd6 Qf5 31. Bd3 {0-1 Rustemov,A (2525)-Jacobson,B (2492) Titled Tuesday intern op 12th Oct blitz 2021 (5)}) 17. Qf2 {[%emt 0:25:45]} Nb4 {[%emt 0:02:47]} 18. Rc1 {[%emt 0:17:10]} Na6 {[%emt 0:14:54]} 19. g4 {[%emt 0:01:30]} Nb8 {[%emt 0:12:22]} 20. f4 {[%emt 0:11:27]} Ne4 {[%emt 0:02:18]} 21. Bxe4 {[%emt 0:08:00]} dxe4 {[%emt 0:00:03]} 22. g5 {[%emt 0:00:25]} h5 {[%emt 0:19:09]} 23. g6 {[%emt 0:02:31]} fxg6 {[%emt 0:00:19]} 24. Nxg6 {[%emt 0:01:17]} Qd6 {[%emt 0:00:24]} 25. Ne5 {[%emt 0:05:16]} Nd7 {[%emt 0:00:32]} 26. Qg2 {[%emt 0:00:42]} Nxe5 {[%emt 0:02:47]} 27. fxe5 {[%emt 0:00:12]} Qe6 {[%emt 0:01:22]} 28. Qxe4 {[%emt 0:00:49]} Rf8 {[%emt 0:00:06]} 29. Kh1 {[%emt 0:05:02]} Rxf1+ {[%emt 0:00:51]} 30. Rxf1 {[%emt 0:00:08]} Rf8 {[%emt 0:00:27]} 31. Rf4 {[%emt 0:03:22]} Qd5 {[%emt 0:03:23]} 32. Qxd5+ {[%emt 0:01:37]} cxd5 {[%emt 0:00:04]} 33. h4 {[%emt 0:00:09]} a5 {[%emt 0:01:19]} 34. Kg2 {[%emt 0:07:00]} b5 {[%emt 0:00:07]} 35. Kg3 {[%emt 0:03:58]} a4 {[%emt 0:01:45]} 36. e6 {[%emt 0:00:07]} Rxf4 {[%emt 0:02:06]} 37. Kxf4 {[%emt 0:00:07]} b4 {[%emt 0:00:05]} 38. Ke5 {[%emt 0:00:17]} Kf8 {[%emt 0:00:11]} 39. e4 {[%emt 0:01:14]} a3 {[%emt 0:00:56]} 40. Kd6 {[%emt 0:01:23]} Ke8 {[%emt 0:00:06]} 0-1